Le français facile : (Record no. 200002114)
[ view plain ]
| 000 -LEADER | |
|---|---|
| fixed length control field | 00631 a2200229 4500 |
| 001 - CONTROL NUMBER | |
| control field | 200002114 |
| 003 - CONTROL NUMBER IDENTIFIER | |
| control field | TR-AnTOB |
| 005 - DATE AND TIME OF LATEST TRANSACTION | |
| control field | 20240729132638.0 |
| 008 - FIXED-LENGTH DATA ELEMENTS--GENERAL INFORMATION | |
| fixed length control field | 101022s2002 fr 000 0 |
| 020 ## - INTERNATIONAL STANDARD BOOK NUMBER | |
| International Standard Book Number | 2903841403 |
| 040 ## - CATALOGING SOURCE | |
| Original cataloging agency | TR-AnTOB |
| Transcribing agency | TR-AnTOB |
| 041 ## - LANGUAGE CODE | |
| Language code of text/sound track or separate title | Fransızca |
| -- | Arapça |
| 050 ## - LIBRARY OF CONGRESS CALL NUMBER | |
| Classification number | PC2066 |
| 099 ## - LOCAL FREE-TEXT CALL NUMBER (OCLC) | |
| Classification number | PCF SKI GRA MEG 2002 |
| 245 #0 - TITLE STATEMENT | |
| Title | Le français facile : |
| Remainder of title | cours de grammaire et exercices / |
| Statement of responsibility, etc. | Samir Mégally. |
| 264 #1 - PRODUCTION, PUBLICATION, DISTRIBUTION, MANUFACTURE, AND COPYRIGHT NOTICE | |
| Place of production, publication, distribution, manufacture | Paris : |
| Name of producer, publisher, distributor, manufacturer | S. Megally, |
| Date of production, publication, distribution, manufacture, or copyright notice | 2002. |
| 300 ## - PHYSICAL DESCRIPTION | |
| Extent | 258 s.; |
| Dimensions | 20 cm. |
| 650 #0 - SUBJECT ADDED ENTRY--TOPICAL TERM | |
| Topical term or geographic name entry element | French language |
| General subdivision | Study and teaching |
| 9 (RLIN) | 70880 |
| Topical term or geographic name entry element | French language |
| General subdivision | Grammar |
| 9 (RLIN) | 70881 |
| 942 ## - ADDED ENTRY ELEMENTS (KOHA) | |
| Koha item type | Book |
| Source of classification or shelving scheme | Library of Congress Classification |
| Withdrawn status | Lost status | Source of classification or shelving scheme | Not for loan | Collection code | Home library | Current library | Shelving location | Date acquired | Source of acquisition | Cost, normal purchase price | Serial Enumeration / chronology | Total Checkouts | Total Holds | Full call number | Barcode | Copy number | Cost, replacement price | Date shelved | Koha item type |
|---|---|---|---|---|---|---|---|---|---|---|---|---|---|---|---|---|---|---|---|
| Ödünç Verilebilir / Available | Genel Koleksiyon | Merkez Kütüphane | Merkez Kütüphane | Genel Koleksiyon / Main Collection | 30/09/2010 | Satın Alma / Purchase | 0.00 | 1 | PCF SKI GRA MEG 2002 | 0034535 | 2 | 54.09 | 13/08/2010 | Book | |||||
| Ödünç Verilebilir / Available | Genel Koleksiyon | Merkez Kütüphane | Merkez Kütüphane | Genel Koleksiyon / Main Collection | 30/09/2010 | Satın Alma / Purchase | 0.00 | 1 | PCF SKI GRA MEG 2002 | 0034534 | 1 | 54.09 | 13/08/2010 | Book | |||||
| Ödünç Verilebilir / Available | Genel Koleksiyon | Merkez Kütüphane | Merkez Kütüphane | Genel Koleksiyon / Main Collection | 30/09/2010 | Satın Alma / Purchase | 0.00 | 1 | PCF SKI GRA MEG 2002 | 0034536 | 3 | 54.09 | 13/08/2010 | Book |
